000 00574nam a2200193Ia 4500
005 20260120124624.0
008 008 260114s9999 xx 000 0 eng d
020 _a9780762312504
037 _aEBOOK
040 _aCRL
_beng
_cCRL
041 _aeng
_2eng
084 _qCRL
245 0 _aNew Directions in the Sociology of Global Development
260 _bEmerald Publishing
_c2005
700 _aFrederick H. Buttel
_9908504
856 _uhttps://www.emerald.com/insight/publication/doi/10.1016/S1057-1922(2005)11
942 _cEBOOK
999 _c1500399
_d1500399